[Event "Almaty Open 2018"]
[Site "Almaty"]
[Date "2018.10.17"]
[Round "2"]
[White "Suleymenov, Alisher"]
[Black "Zubarev, Alexander"]
[Result "0-1"]
[WhiteElo "2331"]
[BlackElo "2490"]
[Annotator "TA"]
[PlyCount "126"]
[EventDate "2018.10.16"]
[EventType "swiss"]
[EventCountry "KAZ"]
[SourceTitle "playchess.com"]
[Source "ChessBase"]
[SourceQuality "1"]

{[%evp 19,126,1,9,8,24,-6,41,49,39,27,82,85,93,95,98,65,75,81,68,66,64,41,45,44,52,36,36,45,33,14,47,-29,-25,-74,-17,-51,0,-91,-83,-86,-83,-103,-78,-129,-122,-142,-121,-129,-81,-139,0,-20,-33,-16,-25,-77,-87,-163,-102,-195,-177,-166,-168,-320,-52,-220,0,-495,327,353,356,364,362,350,308,297,260,242,191,-572,-591,-1088,-984,-3267,-2804,-3240,-29983,-29980,-2247,-2670,-2661,-2256,-1138,-1853,-1101,-1351,-1347,-1604,-1496,-1866,-1824,-1957,-1675,-29980,-29981,-29981,-29982,-29986,-29987]} 1. d4 d5 2. c4 e6 3. Nc3 c6 4. Nf3 Nf6 5. g3 dxc4 6. Bg2 b5 7. O-O Bb7 8. Ne5 a6 {E04: Open Catalan: 5 Nf3} 9. b3 cxb3 10. axb3 (10. Qxb3 Be7 11. Rd1 O-O 12. Bg5 Ra7 13. Rac1 a5 {½-½ (41) Melkumyan,H (2633)-Eljanov,P (2711) Riadh 2017}) 10... Nbd7 {LiveBook: 6 Games. The position is equal.} 11. Bb2 (11. Bxc6 $2 Bxc6 12. Nxc6 Qc7 $19) 11... Qb6 12. Ne4 Be7 (12... Nxe5 {is interesting.} 13. Nxf6+ gxf6 14. dxe5 f5 15. e4 fxe4 16. Bxe4 c5) 13. Nxd7 $146 ({Predecessor:} 13. Bc3 Nxe5 14. Ba5 Qa7 15. dxe5 Nxe4 16. Bxe4 {0-1 (69) Schreiner,P (2449)-Vajda,S (2333) Zalakaros 2015}) 13... Nxd7 14. Nc5 Nxc5 (14... Bc8 $11) 15. dxc5 $16 Bxc5 16. Bxg7 Rg8 17. Be5 {[%mdl 1024] White has strong compensation.} Be7 18. Qd3 Rg6 19. Be4 Rd8 20. Qc2 f5 21. Bf3 c5 $1 22. Bh5 Qc6 {[%csl Gb7][%cal Rc6h1]} 23. f3 ({Of course not} 23. Bxg6+ hxg6 24. f3 c4 $11) 23... c4 {aiming for ...Qc5+.} 24. Kg2 Qc5 25. Bf4 (25. Bh8 $14) 25... c3 $11 26. Rfd1 b4 ({Black should try} 26... Rxd1 $17 27. Rxd1 b4) 27. Rxd8+ $1 Bxd8 (27... Kxd8 $15 28. Qd3+ Ke8) 28. Rd1 (28. Qd3 $1 $11) 28... Be7 $17 29. Qd3 Qd5 30. Qc2 Qb5 $1 31. Be3 (31. Ra1 $142) 31... a5 32. Bd4 Bd5 33. Rd3 Bd6 34. Qc1 (34. Bxc3 $142 bxc3 35. Qxc3) 34... Qb7 ({Not} 34... Bxb3 $2 35. Qh6 $18) ({Better is} 34... Kd7 $1 $17 35. Bxg6 hxg6) 35. Bxg6+ hxg6 36. Qh6 Qf7 37. Bb6 (37. Qh8+ $11 Qf8 38. Qh7) 37... Kd7 $1 38. Qh8 (38. Qc1 $17) 38... Kc6 (38... Qf8 $19 39. Qd4 Bxb3 40. Bxa5 Bd5 41. Qa7+ Ke8) 39. Be3 (39. Bxa5 $17 {keeps fighting.} Qb7 40. Qe8+ Qd7 41. Qa8+ Qb7 42. Qe8+ Qd7 43. Qa8+ Qb7 44. Qe8+) 39... Qf8 $1 $19 {[%cal Rf8h8]} 40. Qh7 Bc5 $1 {[%cal Rc5e3]} 41. Bf4 $2 {[#]} (41. Bg5) 41... Qe7 $2 (41... Bxb3 42. Qd7+ Kb6 43. Bc7+ Ka6 44. Qc6+ Ka7 45. Rd7 Qc8 46. Bb6+ Kb8 47. Rc7 Bxb6 48. Rxc8+ Ka7 49. Ra8#) (41... Qc8 $1 $19 42. Rxd5 exd5 43. Qxg6+ Kb5) 42. Qg8 $2 {[#]} (42. Qxg6 $15 Kb5 43. Rxd5 exd5 44. Qxf5) 42... Bxb3 $2 (42... Kb5 $1 $19 43. Rxd5 exd5 44. Qxd5 Qxe2+ 45. Kh3 Qe7 46. Qc4+ Kb6) 43. Qa8+ $2 {[%mdl 8192]} (43. Qc8+ $11 Kb5 44. Rd7) 43... Qb7 $4 {[%mdl 8192]} (43... Kb5 $19 {and all is fine. Hoping for ...Bd5.} 44. Qb8+ Ka4) 44. Qe8+ $18 Kb6 45. Rd7 Qc6 {Strongly threatening ...Kb5.} 46. Qb8+ Ka6 47. Rc7 Qd5 48. Qc8+ Kb5 49. Rb7+ $4 {[%mdl 8192]} (49. Qe8+ $18 Kb6 50. Rc8) 49... Ka4 $19 50. Bc1 {White threatens Qe8+ and mate.} Bc4 51. Rc7 Bxe2 52. Qe8+ Kb3 (52... Bb5 $19 53. Rxc5 Qa2+ 54. Kh3 Bxe8) 53. Kh3 Bxf3 (53... g5 $142 54. Bxg5 Qxf3 55. Qxe6+ Bc4 56. Rxc5 Bxe6 57. Bf4 a4 58. Re5 a3 59. Rxe6 Qf1+ 60. Kh4 a2 61. Kg5 a1=Q 62. Kg6 Qc4 63. Re5 Qg8+ 64. Kxf5 Qb1+ 65. Re4 Qd5+ 66. Kg6 Qbxe4+ 67. Kf6 Qdf5+ 68. Kg7 Qg6+ 69. Kh8 Qh7#) 54. Bf4 {[#]} g5 $1 55. Bxg5 Bg4+ 56. Kh4 Kb2 57. Bf4 Bd4 {( -> ...Bf6+)} 58. Kg5 e5 {[%cal Be6e5,Be5f4][%mdl 32]} 59. Rd7 Qc5 60. Qd8 c2 61. Rc7 {[#]} Qxc7 $1 {[%mdl 512] Black mates.} 62. Qxc7 exf4 63. Qxa5 Bc3 {Precision: White = 29%, Black = 58%.} 0-1

[Event "Almaty Open 2018"]
[Site "Almaty"]
[Date "2018.10.17"]
[Round "2"]
[White "Daurimbetov, A."]
[Black "Yudin, Sergei"]
[Result "0-1"]
[WhiteElo "2282"]
[BlackElo "2526"]
[Annotator "TA"]
[PlyCount "66"]
[EventDate "2018.10.16"]
[EventType "swiss"]
[EventCountry "KAZ"]
[SourceTitle "playchess.com"]
[Source "ChessBase"]
[SourceQuality "1"]

{[%evp 18,66,-39,-32,-38,-67,-47,-112,-84,-81,-45,-45,-62,-48,0,8,0,0,0,0,0,-106,-82,-89,-83,-114,-76,-74,-28,-182,-178,-167,-163,-174,-146,-428,-488,-462,-445,-601,-601,-805,-725,-1268,-1261,-1412,-1399,-2645,-2468,-2398,-2401]} 1. e4 d6 2. d4 Nf6 3. Nc3 e5 4. dxe5 dxe5 5. Qxd8+ Kxd8 6. Bg5 Be6 7. O-O-O+ Nbd7 8. Nf3 {[%cal Bg1f3,Bf3h4,Bh4f5][%mdl 32]} Kc8 9. Bxf6 {B07: Pirc Defence: Miscellaneous Systems} gxf6 10. Nh4 {LiveBook: 5 Games} c6 11. Nf5 {Black is slightly better.} Kc7 12. g4 $146 (12. Kb1 $15) ({Predecessor:} 12. Be2 b5 13. a3 a5 14. Ne3 Nc5 15. Bd3 b4 16. Nb1 Bh6 17. Kd2 Rhg8 18. Rhg1 Rgb8 19. Ke2 bxa3 20. bxa3 Na4 21. Nc4 Bxc4 22. Bxc4 Nb2 {0-1 (22) Verspecht,T (2051)-Okhotnik,V (2403) Charleroi 2013}) 12... h5 13. Be2 Bb4 14. gxh5 Bxc3 15. bxc3 Bxf5 (15... Nc5 $15 16. Bf3 Bxa2) 16. exf5 $11 Nc5 {Threatening ...Ne4.} 17. Rhg1 Ne4 18. Rg7 Raf8 19. Bc4 (19. Rd3 $1 $11) 19... Nd6 $36 {[%mdl 2048] Keeping White busy.} ({Don't play} 19... Rxh5 $6 20. Bxf7 Rg5 21. Bg6+ Kb6 22. h4 $11) ({Much weaker is} 19... Nxf2 $6 20. Rf1 $11) (19... Nxc3 {seems wilder.} 20. Rh1 Rxh5 21. Bxf7 Rh4 22. Kd2 Ne4+) 20. Rxd6 Kxd6 21. Bxf7 $17 {[%mdl 4096] Endgame KRR-KRB} Rc8 {[#] aiming for ...Rc7.} 22. Rg3 e4 {[%cal Be5e4,Be4e3][%mdl 1056] Black has strong compensation.} 23. f4 $2 (23. Kd2 $11 {and White is okay.}) 23... Rc7 24. Bg6 Re7 25. Kd2 Kc5 26. Rh3 $2 {[%mdl 8192] [#]} (26. Re3 $17) 26... e3+ $1 $19 {[%mdl 512] Black is clearly winning.} 27. Ke2 (27. Rxe3 Rxe3) 27... Kc4 28. h6 Kxc3 29. h7 Kxc2 30. Rg3 c5 {[%cal Bc6c5,Bc5c4,Bc4c3][%mdl 32]} 31. Rg1 c4 32. Rd1 c3 33. Rd5 Kb2 {Precision: White = 27%, Black = 75%.} 0-1

[Event "Almaty Open 2018"]
[Site "Almaty"]
[Date "2018.10.17"]
[Round "2"]
[White "Mezentsev, Ivan"]
[Black "Khusenkhojaev, Muhammad"]
[Result "1/2-1/2"]
[WhiteElo "2270"]
[BlackElo "2443"]
[Annotator "TA"]
[PlyCount "48"]
[EventDate "2018.10.16"]
[EventType "swiss"]
[EventCountry "KAZ"]
[SourceTitle "playchess.com"]
[Source "ChessBase"]
[SourceQuality "1"]

{[%evp 26,48,0,-6,-4,-30,-6,-22,-7,-25,-17,-32,-54,-55,-4,-23,-22,-6,33,29,48,39,39,25,10]} 1. e4 {CB} e5 2. Nf3 Nc6 3. Bb5 {[%cal Bf1b5,Bb5a4,Ba4b3,Bb3a2][%mdl 32]} a6 4. Ba4 Nf6 5. O-O Be7 6. d3 b5 7. Bb3 d6 8. a3 O-O 9. Nc3 Na5 {C77: Ruy Lopez: 3...a6 4 Ba4 Nf6, unusual lines} 10. Ba2 c5 11. Nd5 Nxd5 12. Bxd5 Bb7 13. b4 Bxd5 14. exd5 {LiveBook: 6 Games} Nb7 15. c3 Qc7 {[#]} 16. Bd2 $146 ({Predecessor:} 16. Re1 f5 17. Bg5 {½-½ (41) Anand,V (2780)-Adams,M (2725) Baden-Baden 2013 CBM 153 [CB]}) 16... f5 17. Qb3 Bf6 18. Ng5 Bxg5 19. Bxg5 Qf7 (19... a5 $15) 20. Bd2 Rac8 21. c4 e4 22. Rac1 cxb4 23. axb4 bxc4 $1 24. dxc4 a5 1/2-1/2

[Event "Almaty Open 2018"]
[Site "Almaty"]
[Date "2018.10.17"]
[Round "2"]
[White "Ankudinova, Yelena"]
[Black "Utegaliyev, Azamat"]
[Result "0-1"]
[WhiteElo "2096"]
[BlackElo "2517"]
[Annotator "TA"]
[PlyCount "76"]
[EventDate "2018.10.16"]
[EventType "swiss"]
[EventCountry "KAZ"]
[SourceTitle "playchess.com"]
[Source "ChessBase"]
[SourceQuality "1"]

{[%evp 19,76,16,20,0,19,0,0,0,22,10,28,25,20,25,18,18,22,22,28,26,23,16,22,0,9,0,0,0,0,0,0,-11,0,-9,-5,-6,0,-58,-51,-43,-45,-68,-35,-54,-53,-288,-273,-293,-297,-315,-292,-833,-843,-6487,-6483,-29995,-29996,-29996,-1089]} 1. d4 Nf6 2. Nf3 g6 3. Nbd2 Bg7 4. e4 d6 5. Bd3 O-O 6. O-O Nc6 7. c3 e5 8. dxe5 Nxe5 9. Nxe5 dxe5 10. Nc4 Qe7 11. a4 {B07: Pirc Defence: Miscellaneous Systems} (11. Qe2 Rd8 12. Rd1 Bg4 13. f3 Be6 14. Be3 Ne8 15. Na5 c6 16. b4 Nd6 17. Nc4 Nxc4 18. Bxc4 b6 {1-0 (40) Xiong,J (2651)-Vachier Lagrave,M (2780) chess.com INT 2018}) 11... Rd8 {With the idea ...Nxe4!} 12. f3 $146 ({Predecessor:} 12. Qc2 Nh5 13. g3 Bh3 14. Re1 a5 15. Be2 Nf6 16. f3 Be6 17. Be3 Ne8 18. b4 b6 {0-1 (63) Mammadov,Z (2422)-Kazimova,N (2282) Nakhchivan 2017}) 12... Nh5 13. g3 $1 {The position is equal.} Bf6 14. Be3 a5 15. Qe2 Be6 16. Rfd1 b6 17. Bc2 Rxd1+ 18. Rxd1 Rd8 19. Rxd8+ Qxd8 20. Qd3 {White wants to play Qxd8+.} Qe7 21. Nd2 Ng7 22. Bb3 Bxb3 23. Nxb3 Bg5 24. Bxg5 Qxg5 25. Qd2 Qf6 26. Nc1 Ne6 27. Kg2 Nc5 28. b3 ({Better is} 28. b4 $11 Nxa4 29. Qd7) 28... Kg7 29. h4 h5 30. Qd1 g5 31. hxg5 Qxg5 32. Ne2 $2 {[#]} (32. Qe1 $1 $15) 32... Qe3 $1 $19 33. Nc1 Qxc3 34. Kh3 Qe3 35. Kh4 $2 (35. Kg2) 35... Qf2 36. Qe2 Qg1 {[#] ( -> ...Qh1+)} 37. Nd3 Qh1+ 38. Kg5 Ne6+ {Precision: White = 27%, Black = 49%.} (38... Qh3 $142 39. g4 Ne6+ 40. Kf5 Qh4 41. Kxe5 Qg5#) 0-1

[Event "Almaty Open 2018"]
[Site "Almaty"]
[Date "2018.10.17"]
[Round "3"]
[White "Yudin, Sergei"]
[Black "Akhmetov, Ayan"]
[Result "0-1"]
[WhiteElo "2526"]
[BlackElo "2409"]
[Annotator "TA"]
[PlyCount "52"]
[EventDate "2018.10.16"]
[EventType "swiss"]
[EventCountry "KAZ"]
[SourceTitle "playchess.com"]
[Source "ChessBase"]
[SourceQuality "1"]

{[%evp 16,52,0,0,23,5,52,44,60,56,58,58,63,58,57,28,22,47,72,64,73,29,28,0,0,-678,-672,-679,-677,-674,-670,-660,-661,-655,-640,-649,-651,-618,-608]} 1. e4 {Schulz,André} e6 2. Qe2 c5 3. g3 Nc6 4. Bg2 g6 5. c3 Bg7 6. f4 {C00: French: Unusual White 2nd moves} Nge7 7. Nf3 O-O 8. O-O d6 9. Na3 {LiveBook: 24 Games} a6 10. Nc2 b5 11. d4 b4 $146 ({Predecessor:} 11... cxd4 12. cxd4 b4 13. Rd1 {1-0 (34) Nepomniachtchi,I (2705)-Svane,R (2543) Skopje 2015 CBM 169 [Schulz,André]}) 12. dxc5 bxc3 13. bxc3 Bxc3 {[#]} 14. cxd6 $1 {[%mdl 512]} Qxd6 15. Rb1 a5 {White should prevent ...Ba6.} 16. Qe3 Bb4 17. Nxb4 axb4 18. Bb2 Rxa2 19. Bf6 Rd8 $1 20. Rfd1 $2 {[%mdl 8192]} (20. Rfc1 $11) 20... Qxd1+ $19 {Black is clearly winning.} 21. Rxd1 Rxd1+ 22. Ne1 Ba6 23. Bf1 {[#]} Re2 $1 {[%mdl 512]} 24. Qb6 (24. Bxe2 Rxe1+) 24... Rexe1 25. Qxa6 Rxf1+ 26. Kg2 Rfe1 {Precision: White = 47%, Black = 56%.} 0-1

[Event "Almaty Open 2018"]
[Site "Almaty"]
[Date "2018.10.17"]
[Round "3"]
[White "Utegaliyev, Azamat"]
[Black "Moisseyenko, Ilya"]
[Result "1-0"]
[WhiteElo "2517"]
[BlackElo "2300"]
[Annotator "ChessBase"]
[PlyCount "105"]
[EventDate "2018.10.16"]
[EventType "swiss"]
[EventCountry "KAZ"]
[SourceTitle "playchess.com"]
[Source "ChessBase"]
[SourceQuality "1"]
[TimeControl "5400+30"]

1. e4 {[%emt 0:09:14]} c5 {[%emt 0:00:00]} 2. Nc3 {[%emt 0:00:11]} d6 {[%emt 0:00:00]} 3. g3 {[%emt 0:03:14]} Nc6 {[%emt 0:00:00]} 4. Bg2 {[%emt 0:00:04]} g6 {[%emt 0:00:00]} 5. Nge2 {[%emt 0:00:09]} Bg7 {[%emt 0:00:00]} 6. d3 {[%emt 0:00:06]} e6 {[%emt 0:00:14]} 7. O-O {[%emt 0:00:06]} Nge7 {[%emt 0:00:03]} 8. Be3 {[%emt 0:01:39]} Nd4 {[%emt 0:01:37]} 9. Qd2 {[%emt 0:00:22]} O-O {[%emt 0:00:10]} 10. Nc1 {[%emt 0:00:40]} Nec6 {[%emt 0:06:06]} 11. Nd1 {[%emt 0:03:53]} Ne5 {[%emt 0:01:31]} 12. f4 {[%emt 0:00:16]} Ng4 {[%emt 0:00:18]} 13. c3 {[%emt 0:00:04]} Nc6 {[%emt 0:00:21]} 14. Ne2 {[%emt 0:00:22]} Bd7 {[%emt 0:01:42]} 15. h3 {[%emt 0:00:54]} Nxe3 {[%emt 0:00:06]} 16. Nxe3 {[%emt 0:00:03]} f5 {[%emt 0:09:31]} 17. Rad1 {[%emt 0:01:47]} Kh8 {[%emt 0:06:35]} 18. exf5 {[%emt 0:10:53]} gxf5 {[%emt 0:02:02]} 19. d4 {[%emt 0:01:05]} cxd4 {[%emt 0:00:31]} 20. Nxd4 {[%emt 0:03:41]} Nxd4 {[%emt 0:00:22]} 21. cxd4 {[%emt 0:00:02]} d5 {[%emt 0:00:32]} 22. Kh2 {[%emt 0:02:00]} Rc8 {[%emt 0:04:36]} 23. Rf2 {[%emt 0:03:23]} Ba4 {[%emt 0:06:57]} 24. b3 {[%emt 0:01:22]} Be8 {[%emt 0:00:17]} 25. Nc2 {[%emt 0:03:47]} Bh5 {[%emt 0:08:39]} 26. Bf3 {[%emt 0:04:46]} Bxf3 {[%emt 0:00:06]} 27. Rxf3 {[%emt 0:00:01]} Qb6 {[%emt 0:00:54]} 28. Rd3 {[%emt 0:00:41]} Rc6 {[%emt 0:00:35]} 29. Ne1 {[%emt 0:00:53]} Rfc8 {[%emt 0:00:16]} 30. Qe3 {[%emt 0:03:02]} h6 {[%emt 0:04:12]} 31. g4 {[%emt 0:02:03]} fxg4 {[%emt 0:01:56]} 32. hxg4 {[%emt 0:00:13]} Qc7 {[%emt 0:01:06]} 33. Kg3 {[%emt 0:00:23]} b5 {[%emt 0:10:13]} 34. b4 {[%emt 0:11:36]} a5 {[%emt 0:00:57]} 35. bxa5 {[%emt 0:01:27]} b4 {[%emt 0:01:30]} 36. a3 {[%emt 0:00:41]} Qxa5 {[%emt 0:01:10]} 37. axb4 {[%emt 0:00:13]} Qxb4 {[%emt 0:00:10]} 38. Nf3 {[%emt 0:00:20]} Qb2 {[%emt 0:08:24]} 39. R3d2 {[%emt 0:08:01]} Qc3 {[%emt 0:00:47]} 40. Rd3 {[%emt 0:04:22]} Qb2 {[%emt 0:00:51]} 41. R1d2 {[%emt 0:00:30]} Qc1 {[%emt 0:01:25]} 42. Re2 {[%emt 0:00:22]} Qa1 {[%emt 0:01:29]} 43. g5 {[%emt 0:09:36]} Rf8 {[%emt 0:20:36]} 44. Rh2 {[%emt 0:06:57]} Rc1 {[%emt 0:01:51]} 45. Ra3 {[%emt 0:02:21]} Qb1 {[%emt 0:00:12]} 46. Rb3 {[%emt 0:00:01]} Qa1 {[%emt 0:00:16]} 47. Rb7 {[%emt 0:00:12]} Rh1 {[%emt 0:00:51]} 48. Qxe6 {[%emt 0:03:49]} Rxh2 {[%emt 0:00:16]} 49. Qg6 {[%emt 0:00:20]} Rg8 {[%emt 0:00:55]} 50. Kxh2 {[%emt 0:00:10]} Qf1 {[%emt 0:00:20]} 51. Kg3 {[%emt 0:00:19]} Qh1 {[%emt 0:00:14]} 52. Rb1 {[%emt 0:00:28]} Bf8 {[%emt 0:01:37]} 53. Qxg8+ {[%emt 0:00:07]} 1-0

[Event "Almaty Open 2018"]
[Site "Almaty"]
[Date "2018.10.17"]
[Round "3"]
[White "Hamitevici, Vladimir"]
[Black "Mezentsev, Ivan"]
[Result "1/2-1/2"]
[WhiteElo "2505"]
[BlackElo "2270"]
[Annotator "ChessBase"]
[PlyCount "120"]
[EventDate "2018.10.16"]
[EventType "swiss"]
[EventCountry "KAZ"]
[SourceTitle "playchess.com"]
[Source "ChessBase"]
[SourceQuality "1"]
[TimeControl "5400+30"]

1. d4 {[%emt 0:02:53]} d5 {[%emt 0:02:03]} 2. c4 {[%emt 0:00:26]} c6 {[%emt 0:00:04]} 3. Nf3 {[%emt 0:00:46]} Nf6 {[%emt 0:00:44]} 4. Qb3 {[%emt 0:00:34]} a6 {[%emt 0:03:36]} 5. Nc3 {[%emt 0:01:31]} e6 {[%emt 0:09:04]} 6. g3 {[%emt 0:11:28]} b5 {[%emt 0:10:34]} 7. c5 {[%emt 0:00:54]} a5 {[%emt 0:00:46]} 8. Bg2 {[%emt 0:03:10]} Be7 {[%emt 0:02:05]} 9. O-O {[%emt 0:03:09]} O-O {[%emt 0:01:08]} 10. Qc2 {[%emt 0:02:08]} Re8 {[%emt 0:08:51]} 11. a3 {[%emt 0:04:27]} Na6 {[%emt 0:09:18]} 12. Ne5 {[%emt 0:00:50]} Bb7 {[%emt 0:02:21]} 13. f4 {[%emt 0:00:20]} g6 {[%emt 0:03:43]} 14. Bd2 {[%emt 0:04:38]} Bf8 {[%emt 0:01:17]} 15. g4 {[%emt 0:04:31]} Nd7 {[%emt 0:03:02]} 16. g5 {[%emt 0:00:31]} Bg7 {[%emt 0:02:11]} 17. h4 {[%emt 0:01:38]} f6 {[%emt 0:03:25]} 18. gxf6 {[%emt 0:03:00]} Bxf6 {[%emt 0:02:03]} 19. h5 {[%emt 0:00:50]} gxh5 {[%emt 0:01:16]} 20. e3 {[%emt 0:01:35]} Re7 {[%emt 0:05:26]} 21. Bh3 {[%emt 0:07:01]} Kh8 {[%emt 0:01:31]} 22. Ne2 {[%emt 0:03:52]} h4 {[%emt 0:06:58]} 23. Kh1 {[%emt 0:01:27]} Nc7 {[%emt 0:00:27]} 24. Rg1 {[%emt 0:01:05]} Qf8 {[%emt 0:00:54]} 25. Nc1 {[%emt 0:11:31]} Rg7 {[%emt 0:10:31]} 26. Ncd3 {[%emt 0:00:29]} Qe7 {[%emt 0:00:11]} 27. Rxg7 {[%emt 0:00:40]} Bxg7 {[%emt 0:00:14]} 28. Be1 {[%emt 0:03:10]} Nxe5 {[%emt 0:01:19]} 29. Nxe5 {[%emt 0:03:49]} Bf6 {[%emt 0:01:33]} 30. Qe2 {[%emt 0:02:53]} Rg8 {[%emt 0:01:17]} 31. Qh5 {[%emt 0:01:46]} Rg7 {[%emt 0:02:48]} 32. Nf3 {[%emt 0:09:39]} Bc8 {[%emt 0:00:53]} 33. Bxh4 {[%emt 0:04:28]} Bxh4 {[%emt 0:01:04]} 34. Nxh4 {[%emt 0:00:08]} Bd7 {[%emt 0:00:52]} 35. Rg1 {[%emt 0:00:31]} Rxg1+ {[%emt 0:01:05]} 36. Kxg1 {[%emt 0:00:02]} Qg7+ {[%emt 0:00:11]} 37. Kf2 {[%emt 0:02:37]} Ne8 {[%emt 0:02:32]} 38. Qe5 {[%emt 0:03:53]} Nf6 {[%emt 0:00:54]} 39. Kf1 {[%emt 0:00:20]} Qh6 {[%emt 0:00:38]} 40. Qg5 {[%emt 0:00:25]} Qxg5 {[%emt 0:00:33]} 41. fxg5 {[%emt 0:00:02]} Ne4 {[%emt 0:00:15]} 42. Nf3 {[%emt 0:00:59]} Kg7 {[%emt 0:00:30]} 43. Ke1 {[%emt 0:00:08]} Kf7 {[%emt 0:00:47]} 44. Ne5+ {[%emt 0:01:09]} Ke7 {[%emt 0:00:05]} 45. g6 {[%emt 0:00:04]} hxg6 {[%emt 0:00:22]} 46. Nxg6+ {[%emt 0:00:01]} Kf6 {[%emt 0:00:37]} 47. Ne5 {[%emt 0:00:02]} Be8 {[%emt 0:00:33]} 48. Bg2 {[%emt 0:00:57]} Ng5 {[%emt 0:00:16]} 49. Kf2 {[%emt 0:00:45]} Nf7 {[%emt 0:00:22]} 50. Nf3 {[%emt 0:00:51]} e5 {[%emt 0:00:39]} 51. Bh3 {[%emt 0:00:37]} exd4 {[%emt 0:00:28]} 52. exd4 {[%emt 0:00:12]} Ke7 {[%emt 0:00:28]} 53. Bg4 {[%emt 0:01:01]} Nh6 {[%emt 0:00:16]} 54. Ne5 {[%emt 0:00:14]} Nf7 {[%emt 0:00:50]} 55. Nxf7 {[%emt 0:00:24]} Bxf7 {[%emt 0:00:09]} 56. Kg3 {[%emt 0:00:08]} Bg6 {[%emt 0:00:42]} 57. Kf4 {[%emt 0:00:34]} Kd8 {[%emt 0:00:10]} 58. Ke5 {[%emt 0:01:00]} Kc7 {[%emt 0:00:04]} 59. Bf3 {[%emt 0:00:41]} Bd3 {[%emt 0:00:36]} 60. b4 {[%emt 0:00:19]} axb4 {[%emt 0:00:08] Ke4} 1/2-1/2

[Event "Almaty Open 2018"]
[Site "Almaty"]
[Date "2018.10.17"]
[Round "3"]
[White "Khusenkhojaev, Muhammad"]
[Black "Khegay, Dmitriy"]
[Result "1/2-1/2"]
[WhiteElo "2443"]
[BlackElo "2499"]
[Annotator "ChessBase"]
[PlyCount "91"]
[EventDate "2018.10.16"]
[EventType "swiss"]
[EventCountry "KAZ"]
[SourceTitle "playchess.com"]
[Source "ChessBase"]
[SourceQuality "1"]
[TimeControl "5400+30"]

1. Nf3 {[%emt 0:07:18]} d5 {[%emt 0:00:00]} 2. d4 {[%emt 0:00:09]} c6 {[%emt 0:00:00]} 3. c4 {[%emt 0:00:05]} dxc4 {[%emt 0:00:00]} 4. e3 {[%emt 0:00:05]} Be6 {[%emt 0:00:00]} 5. Nc3 {[%emt 0:01:04]} b5 {[%emt 0:00:09]} 6. a4 {[%emt 0:00:57]} b4 {[%emt 0:00:11]} 7. Ne4 {[%emt 0:01:45]} Bd5 {[%emt 0:00:11]} 8. Ned2 {[%emt 0:01:02]} c3 {[%emt 0:03:13]} 9. bxc3 {[%emt 0:00:09]} bxc3 {[%emt 0:00:04]} 10. Nb1 {[%emt 0:00:08]} Qa5 {[%emt 0:00:58]} 11. Qc2 {[%emt 0:00:13]} Bxf3 {[%emt 0:01:00]} 12. gxf3 {[%emt 0:00:10]} e5 {[%emt 0:00:09]} 13. dxe5 {[%emt 0:01:47]} Qxe5 {[%emt 0:00:10]} 14. Ba3 {[%emt 0:02:20]} Bxa3 {[%emt 0:01:10]} 15. Rxa3 {[%emt 0:00:06]} Nf6 {[%emt 0:00:31]} 16. Rxc3 {[%emt 0:04:52]} O-O {[%emt 0:00:58]} 17. Bg2 {[%emt 0:04:04]} Na6 {[%emt 0:03:07]} 18. f4 {[%emt 0:04:47]} Qe7 {[%emt 0:00:39]} 19. O-O {[%emt 0:01:16]} Nb4 {[%emt 0:00:39]} 20. Qf5 {[%emt 0:01:12]} Nfd5 {[%emt 0:04:29]} 21. Rc4 {[%emt 0:00:17]} a5 {[%emt 0:06:30]} 22. Nc3 {[%emt 0:00:33]} g6 {[%emt 0:00:24]} 23. Qh3 {[%emt 0:05:06]} Nb6 {[%emt 0:01:31]} 24. Rd4 {[%emt 0:03:25]} Rad8 {[%emt 0:02:13]} 25. Rxd8 {[%emt 0:02:36]} Rxd8 {[%emt 0:00:07]} 26. f5 {[%emt 0:00:07]} N4d5 {[%emt 0:14:25]} 27. fxg6 {[%emt 0:02:03]} hxg6 {[%emt 0:00:14]} 28. Nxd5 {[%emt 0:00:43]} cxd5 {[%emt 0:00:08]} 29. Qg4 {[%emt 0:23:19]} d4 {[%emt 0:00:06]} 30. exd4 {[%emt 0:04:30]} Nxa4 {[%emt 0:00:05]} 31. d5 {[%emt 0:01:45]} Nb6 {[%emt 0:05:33]} 32. Qd4 {[%emt 0:01:19]} Rd6 {[%emt 0:05:09]} 33. Rb1 {[%emt 0:03:38]} Qf6 {[%emt 0:00:05]} 34. Qxf6 {[%emt 0:00:48]} Rxf6 {[%emt 0:00:05]} 35. Rb5 {[%emt 0:00:12]} a4 {[%emt 0:00:24]} 36. Ra5 {[%emt 0:00:06]} Rf4 {[%emt 0:02:29]} 37. Ra6 {[%emt 0:05:34]} Rb4 {[%emt 0:04:03]} 38. d6 {[%emt 0:00:44]} Rb1+ {[%emt 0:00:34]} 39. Bf1 {[%emt 0:00:08]} Kf8 {[%emt 0:08:30]} 40. Kg2 {[%emt 0:00:26]} Ke8 {[%emt 0:00:28]} 41. Ra7 {[%emt 0:00:25]} Rb4 {[%emt 0:00:42]} 42. Be2 {[%emt 0:00:36]} Kd8 {[%emt 0:01:54]} 43. Bf3 {[%emt 0:01:25]} Nc8 {[%emt 0:01:48]} 44. Ra6 {[%emt 0:01:02]} Rd4 {[%emt 0:00:46]} 45. d7 {[%emt 0:02:34]} Kxd7 {[%emt 0:00:05]} 46. Bc6+ {[%emt 0:00:09]} 1/2-1/2

[Event "Almaty Open 2018"]
[Site "Almaty"]
[Date "2018.10.17"]
[Round "3"]
[White "Kislinsky, Alexey"]
[Black "Fier, Alexandr"]
[Result "1/2-1/2"]
[WhiteElo "2430"]
[BlackElo "2558"]
[Annotator "TA"]
[PlyCount "44"]
[EventDate "2018.10.16"]
[EventType "swiss"]
[EventCountry "KAZ"]
[SourceTitle "playchess.com"]
[Source "ChessBase"]
[SourceQuality "1"]

{[%evp 22,44,-8,-27,-14,-24,-17,-13,0,0,0,-22,-11,-26,10,0,55,50,40,33,54,0,-8,-12,0]} 1. e4 c5 2. c3 d5 3. exd5 Qxd5 4. d4 Nf6 5. Nf3 e6 6. a3 Nc6 7. Be2 Be7 8. O-O cxd4 9. cxd4 O-O 10. Nc3 Qd6 11. Nb5 Qd8 12. Bf4 Nd5 {B22: Sizilianisch (Alapin 2.c3)} 13. Bg3 a6 14. Nc3 Nxc3 15. bxc3 b5 {[#]} 16. Bd3 $146 ({Vorgänger:} 16. Qb1 Bb7 17. Rd1 Na5 18. a4 bxa4 19. Rxa4 Bc6 20. Ra1 Bd5 21. Ne5 Rc8 22. Qd3 f6 {½-½ (22) Kislinsky,A (2502)-Fenil,S (2411) Pardubice 2018}) 16... Bb7 17. Re1 Bf6 18. Nd2 Qd5 (18... Be7 $11) 19. Be4 $14 Qd7 20. Nb3 {zielt auf Sc5 ab.} Be7 21. Qh5 ({Günstiger ist} 21. Nc5 $14 Bxc5 22. dxc5) 21... f5 $11 22. Bf3 Nd8 1/2-1/2